00711nam a22002057a 450000500170000001000150001702000260003203500140005808200140007210000240008624500990011025000070020926000680021627000990028430000220038370000250040570000280043094200280045899900190048620260427122737.0 aENG-147894 a9789371363921c950.00 aEN-131426 216a651.7 aBovee, Courtland L. aBusiness Communication Todayb Creating Human Connections in the Age of AIcCourtland L. Bovee a16 aUttar PradeshbPearson India Education Services Pvt. Ltd.c2026 a1st Floor, Berger Tower, Plot No. C-001A/2, Sector 16B, Noida - 201 301, Uttar Pradesh, India. a693.pgc25 cm(pb) aJohn V. Thill988992 aRoshan Lal Raina988993 2ddccENe16h651.7mBOV c215981d215981